[Event "AUTO-MASTER-969"]
[Site "http://www.queenalice.com/game.php?id=769116"]
[Date "2010.5.1"]
[Round "2"]
[White "jsm"]
[Black "Odie_Spud"]
[Result "0-1"]
[WhiteElo "2121"]
[BlackElo "2273"]

1. e4 e5 2. Nf3 Nc6 3. Bb5 a6 4. Ba4 d6 5. h3 Nf6 6. d3 Be7 7. O-O O-O 8. c3 b5
9. Bc2 Re8 10. Bg5 h6 11. Bxf6 Bxf6 12. Nbd2 Bd7 13. Re1 a5 14. Nf1 Ne7 15. d4
Ng6 16. Rc1 c5 17. dxe5 dxe5 18. Ne3 Be6 19. Nd5 Rb8 20. a3 Bg5 21. Ra1 b4 22.
axb4 axb4 23. cxb4 cxb4 24. Ra7 Bf6 25. Bb3 Nf4 26. Nxf6+ Qxf6 27. Bxe6 Qxe6 28.
Kh2 Red8 29. Qa1 Rbc8 30. Rc1 Qg6 31. g3 Qxe4 32. Rxc8 Rxc8 33. gxf4 Qxf3 34.
Qf1 Qxf4+ 35. Kg2 Qd2 36. b3 Rc1 37. Qa6 Qd1 38. Qb7 Qh1+ 39. Kg3 Rc3+ 40. f3
Qg1+ 41. Kh4 Qg5# 0-1

[Event "AUTO-MASTER-969"]
[Site "http://www.queenalice.com/game.php?id=769117"]
[Date "2010.5.1"]
[Round "2"]
[White "Odie_Spud"]
[Black "arvo1938"]
[Result "0-1"]
[WhiteElo "2294"]
[BlackElo "2283"]

1. e4 d5 2. e5 Bf5 3. d4 e6 4. Bd3 Bxd3 5. Qxd3 c5 6. c3 Nc6 7. f4 Rc8 8. Be3
cxd4 9. Bxd4 Nxd4 10. Qxd4 Bc5 11. Qa4+ Rc6 12. Nd2 Ne7 13. Nb3 Qb6 14. O-O-O
O-O 15. Nd4 Bxd4 16. Qxd4 Qa5 17. a3 Rb6 18. Ne2 Qb5 19. Qd2 Nc6 20. Qc2 Rc8 21.
Nd4 Nxd4 22. Rxd4 Qc5 23. Rhd1 g6 24. g4 Qe7 25. Qd3 Rbc6 26. Kb1 Rc5 27. Re1
Rc4 28. Rc1 a5 29. Qe3 Qc5 30. h3 Qb5 31. Qd3 Qb6 32. f5 Qxd4 33. cxd4 Rxc1+ 34.
Ka2 b6 35. f6 R1c4 36. Qe3 Kh8 37. Qh6 Rg8 38. Qe3 g5 39. Qb3 Rb8 40. Qe3 h6 41.
Qd3 a4 42. Kb1 Rg8 43. Qd2 Rgc8 44. Ka2 Rb8 45. Qd1 b5 46. h4 b4 47. hxg5 b3+
48. Kb1 Rg8 49. gxh6 Rg6 50. Qg1 Rxh6 0-1

[Event "AUTO-MASTER-969"]
[Site "http://www.queenalice.com/game.php?id=769118"]
[Date "2010.5.1"]
[Round "2"]
[White "arvo1938"]
[Black "Odie_Spud"]
[Result "1-0"]
[WhiteElo "2242"]
[BlackElo "2308"]

1. e4 e5 2. Nf3 Nc6 3. Bb5 a6 4. Ba4 d6 5. c3 Bd7 6. O-O Nf6 7. d4 g6 8. d5 Ne7
9. Bxd7+ Qxd7 10. Re1 Bg7 11. c4 O-O 12. Nc3 h6 13. c5 Nh5 14. Be3 f5 15. Qc2 f4
16. Bd2 g5 17. Qb3 Rab8 18. h3 Nf6 19. Rac1 b5 20. cxd6 cxd6 21. Nxe5 dxe5 22.
d6+ Rf7 23. dxe7 Qxe7 24. Nd5 Nxd5 25. exd5 Qd7 26. Rc6 Ra8 27. Ba5 Kh7 28. Rc7
Qf5 29. d6 Rd7 30. Rxd7 Qxd7 31. Qd3+ Kh8 32. Rc1 1-0

[Event "AUTO-MASTER-1235"]
[Site "http://www.queenalice.com/game.php?id=840678"]
[Date "2010.10.2"]
[Round "1"]
[White "Odie_Spud"]
[Black "Constante"]
[Result "1-0"]
[WhiteElo "2276"]
[BlackElo "1958"]

1. e4 c5 2. Nf3 d6 3. Bb5+ Nd7 4. d4 Nf6 5. Nc3 a6 6. Bxd7+ Nxd7 7. O-O cxd4 8.
Qxd4 e6 9. Rd1 f6 10. Be3 Qc7 11. a4 Be7 12. a5 Ne5 13. Nxe5 dxe5 14. Qd3 Kf7
15. Bb6 Qc6 16. Ne2 Bc5 17. Bxc5 Qxc5 18. Qd6 Qb5 19. Qc7+ Kg6 20. Rd3 Qc6 21.
Rg3+ Kh5 22. Qxg7 1-0

[Event "AUTO-MASTER-1235"]
[Site "http://www.queenalice.com/game.php?id=840679"]
[Date "2010.10.2"]
[Round "1"]
[White "Constante"]
[Black "Odie_Spud"]
[Result "0-1"]
[WhiteElo "1962"]
[BlackElo "2278"]

1. e4 c5 2. Nf3 d6 3. Nc3 Nc6 4. d4 cxd4 5. Nxd4 Nf6 6. Bg5 e6 7. Qd2 Be7 8.
O-O-O O-O 9. f4 Nxd4 10. Qxd4 Qa5 11. Kb1 h6 12. Bh4 e5 13. fxe5 dxe5 14. Qc4
Be6 15. Qb5 Qc7 16. Bg3 Bd6 17. Be2 Rfd8 18. Rhf1 a6 19. Qd3 Rac8 20. Qf3 Bg4
21. Qd3 Bb4 22. Nd5 Nxd5 23. Bxg4 Nc3+ 24. bxc3 Bxc3 0-1

[Event "AUTO-MASTER-1235"]
[Site "http://www.queenalice.com/game.php?id=840680"]
[Date "2010.10.2"]
[Round "1"]
[White "Odie_Spud"]
[Black "daky62"]
[Result "1-0"]
[WhiteElo "2275"]
[BlackElo "2143"]

1. d4 d5 2. Nf3 Bf5 3. c4 c6 4. e3 dxc4 5. Bxc4 Nf6 6. Qb3 Nd5 7. Nc3 b5 8. Bxd5
cxd5 9. Qxb5+ Qd7 10. Nxd5 Qc6 11. Qxc6+ 1-0

[Event "AUTO-MASTER-1235"]
[Site "http://www.queenalice.com/game.php?id=840681"]
[Date "2010.10.2"]
[Round "1"]
[White "daky62"]
[Black "Odie_Spud"]
[Result "1-0"]
[WhiteElo "2120"]
[BlackElo "2281"]

1. e4 c5 2. Nf3 d6 3. d4 cxd4 4. Nxd4 Nf6 5. Nc3 Nc6 6. Bb5 Bd7 7. O-O e6 8. Re1
Be7 9. h3 O-O 10. Nxc6 bxc6 11. Bd3 Qc7 12. Be3 Rfd8 13. a4 Rab8 14. b3 Bc8 15.
Bf4 e5 16. Bg5 h6 17. Be3 Be6 18. Rb1 d5 19. exd5 cxd5 20. Nb5 Qd7 21. Bxa7 Rxb5
22. Bxb5 Qxa7 23. Re2 Bd6 24. Ra1 Ne4 25. Qe1 Nxf2 26. Rxf2 Bc5 27. b4 Bxf2+ 28.
Qxf2 d4 29. Bd3 Rf8 30. Qg3 f6 31. a5 1-0

[Event "AUTO-MASTER-1235"]
[Site "http://www.queenalice.com/game.php?id=840682"]
[Date "2010.10.2"]
[Round "1"]
[White "Odie_Spud"]
[Black "Artking"]
[Result "1/2-1/2"]
[WhiteElo "2283"]
[BlackElo "1965"]

1. e4 d5 2. d4 dxe4 3. Nc3 Bf5 4. g4 Bg6 5. Bg2 c6 6. h4 h6 7. Nxe4 e6 8. g5 Ne7
9. gxh6 Nf5 10. hxg7 Bxg7 11. h5 Bh7 12. c3 Nh4 13. Qg4 Nxg2+ 14. Qxg2 Rg8 15.
Ng3 Nd7 16. Nh3 Bf6 17. Bf4 Qb6 18. b3 c5 19. Rd1 cxd4 20. cxd4 Bxd4 21. Ng5
Bc3+ 22. Kf1 Qb5+ 23. Kg1 Rxg5 24. Bxg5 Qxg5 25. Qxb7 Rd8 26. Rxd7 Rxd7 27. Qc8+
Ke7 28. Qxc3 Rd1+ 29. Kh2 Qh4+ 30. Kg2 Rxh1 31. Nxh1 1/2-1/2

[Event "AUTO-MASTER-1235"]
[Site "http://www.queenalice.com/game.php?id=840683"]
[Date "2010.10.2"]
[Round "1"]
[White "Artking"]
[Black "Odie_Spud"]
[Result "0-1"]
[WhiteElo "1978"]
[BlackElo "2273"]

1. d4 d5 2. c4 e6 3. Nc3 Nf6 4. Nf3 Be7 5. e3 O-O 6. Bd3 b6 7. O-O Bb7 8. b3 c5
9. Qc2 dxc4 10. Bxc4 Bxf3 11. gxf3 cxd4 12. exd4 Qxd4 13. Bb2 Qf4 14. Rfd1 Qxf3
15. Rd3 Qh5 16. Ne2 b5 17. Ng3 Qg5 18. h4 Qc5 19. Bxf6 Bxf6 20. Ne4 Qe7 21. Bxb5
Bxa1 22. Ng5 g6 23. Rg3 Nd7 24. h5 Bg7 25. hxg6 hxg6 26. Qe4 Rac8 27. Qh4 Nf6
28. Bc4 Nh5 29. Rf3 Rcd8 30. Rd3 Rxd3 31. Bxd3 Bf6 32. f4 Bxg5 0-1

[Event "AUTO-MASTER-1235"]
[Site "http://www.queenalice.com/game.php?id=921015"]
[Date "2011.4.2"]
[Round "2"]
[White "daky62"]
[Black "Odie_Spud"]
[Result "1-0"]
[WhiteElo "2264"]
[BlackElo "2308"]

1. e4 e5 2. Nf3 Nc6 3. Bb5 a6 4. Bxc6 bxc6 5. d4 exd4 6. Qxd4 c5 7. Qd3 Ne7 8.
O-O d6 9. Nc3 Nc6 10. Qd5 Bd7 11. Bf4 Be7 12. e5 dxe5 13. Nxe5 Nxe5 14. Bxe5 O-O
15. Rad1 Bb5 16. Rfe1 Qxd5 17. Nxd5 Bd6 18. Bxd6 cxd6 19. Ne7+ Kh8 20. Nf5 Rad8
21. Nxd6 Rd7 22. Re5 c4 23. c3 g6 24. Rd4 Ba4 25. Ra5 1-0

[Event "AUTO-ELITE-1004"]
[Site "http://www.queenalice.com/game.php?id=1075589"]
[Date "2012.6.23"]
[Round "1"]
[White "Odie_Spud"]
[Black "roberval"]
[Result "1-0"]
[WhiteElo "2295"]
[BlackElo "2200"]

1. e4 d5 2. exd5 Qxd5 3. Nc3 Qa5 4. d4 Nf6 5. Nf3 Bg4 6. h3 Bh5 7. g4 Bg6 8. Ne5
e6 9. Bg2 c6 10. h4 Be4 11. Bxe4 Nxe4 12. Qf3 Nd6 13. Bd2 f6 14. Ne4 Qc7 15.
Nxf6+ gxf6 16. Qxf6 Bg7 17. Qxe6+ Qe7 18. Qb3 Bxe5 19. O-O-O Qf7 20. dxe5 Qxb3
21. axb3 Ne4 22. Rhf1 Nd7 23. f4 Rg8 24. e6 Ndc5 25. g5 Nxe6 26. Rfe1 Nxd2 27.
Rxe6+ Kf7 28. Rf6+ Ke7 29. Rxd2 Raf8 30. Rxf8 Rxf8 31. Rf2 Ke6 32. Re2+ Kd6 33.
Re4 Kd5 34. Re7 Rxf4 35. Rxh7 b5 36. g6 1-0

[Event "AUTO-ELITE-1004"]
[Site "http://www.queenalice.com/game.php?id=1075590"]
[Date "2012.6.23"]
[Round "1"]
[White "roberval"]
[Black "Odie_Spud"]
[Result "1/2-1/2"]
[WhiteElo "2201"]
[BlackElo "2304"]

1. e4 e5 2. Nf3 Nc6 3. d4 exd4 4. Nxd4 Bc5 5. Be3 Qf6 6. c3 Nge7 7. Bc4 Ne5 8.
Be2 Qg6 9. O-O d6 10. Kh1 Qxe4 11. Nd2 Qg6 12. Bh5 Bg4 13. Bxg6 Bxd1 14. Bxf7+
Kxf7 15. Raxd1 Ng4 16. N2b3 Bb6 17. Nb5 Nxe3 18. fxe3+ Kg6 19. a4 Rhf8 20. a5
Rxf1+ 21. Rxf1 Bxe3 22. Nxc7 Rc8 23. Nb5 Rc6 24. Re1 Bg5 25. N3d4 Rc5 26. Nxd6
Rxa5 27. g3 b6 28. h4 Bf6 29. Ne6 h6 30. Nf8+ Kh5 31. Kg2 Nf5 32. Kh3 Nxg3 33.
Nc4 Rd5 34. Ne6 Rf5 35. Re3 Rf1 36. Rxg3 Rh1+ 37. Kg2 Rxh4 38. Rh3 Rxh3 39. Kxh3
Kg6 40. Nd6 Kh5 41. Nc8 g5 42. Nxa7 g4+ 43. Kg2 Kg6 44. Nc8 Kf5 45. Nc7 h5 46.
Nxb6 h4 47. Nd7 Bd8 48. Nb5 h3+ 49. Kh2 Bg5 50. Nd4+ Ke4 51. Ne6 Bc1 52. b4 Bd2
53. b5 Kd5 54. c4+ Kxe6 55. Nc5+ Ke5 56. Nd3+ Kd4 1/2-1/2

[Event "AUTO-ELITE-1004"]
[Site "http://www.queenalice.com/game.php?id=1075591"]
[Date "2012.6.23"]
[Round "1"]
[White "Odie_Spud"]
[Black "ClivetheBeard"]
[Result "1/2-1/2"]
[WhiteElo "2304"]
[BlackElo "2408"]

1. d4 e6 2. c4 b6 3. e4 Bb7 4. Bd3 Nc6 5. Ne2 Nb4 6. Nbc3 Nxd3+ 7. Qxd3 Bb4 8.
a3 Bxc3+ 9. Nxc3 Ne7 10. O-O O-O 11. Bg5 f6 12. Be3 f5 13. d5 f4 14. Bd2 Ng6 15.
f3 a6 16. b4 Qg5 17. Be1 Rf6 18. Rf2 Ne5 19. Qf1 Raf8 20. Rc1 Bc8 21. Rfc2 Rh6
22. c5 b5 23. Bd2 Qh4 24. h3 Rff6 25. a4 Rfg6 26. Kh1 d6 27. cxd6 exd5 28. Be1
Qh5 29. dxc7 Bxh3 30. gxh3 Qxh3+ 31. Qxh3 Rxh3+ 32. Rh2 Rxh2+ 33. Kxh2 Nxf3+ 34.
Kh3 Ng1+ 1/2-1/2

[Event "AUTO-ELITE-1004"]
[Site "http://www.queenalice.com/game.php?id=1075592"]
[Date "2012.6.23"]
[Round "1"]
[White "ClivetheBeard"]
[Black "Odie_Spud"]
[Result "1/2-1/2"]
[WhiteElo "2410"]
[BlackElo "2301"]

1. e4 e5 2. Qf3 Nc6 3. c3 Bc5 4. Ne2 Nf6 5. d3 d5 6. h3 h6 7. g4 O-O 8. Ng3 Be6
9. g5 dxe4 10. dxe4 hxg5 11. Bxg5 Be7 12. Rg1 Nh7 13. Bxe7 Qxe7 14. Nf5 Bxf5 15.
Qxf5 Rfd8 16. Nd2 Qd7 17. Qxd7 Rxd7 18. Bb5 Rd6 19. O-O-O Rad8 20. Bxc6 Rxc6 21.
Nf3 Rxd1+ 22. Rxd1 f6 23. Rd8+ Kf7 24. Rd7+ Kg8 25. Nh4 Nf8 26. Re7 g5 27. Nf5
Ne6 28. Nh6+ Kh8 29. Nf7+ 1/2-1/2

[Event "AUTO-ELITE-1237"]
[Site "http://www.queenalice.com/game.php?id=1231550"]
[Date "2013.11.11"]
[Round "1"]
[White "Odie_Spud"]
[Black "FabioDavid"]
[Result "1/2-1/2"]
[WhiteElo "2289"]
[BlackElo "2501"]

1. e4 e5 2. Nc3 Nf6 3. f4 d5 4. d3 exf4 5. exd5 Nxd5 6. Nxd5 Qxd5 7. Bxf4 Bd6 8.
Bxd6 Qxd6 9. Qd2 O-O 10. O-O-O Be6 11. Kb1 Nc6 12. Nf3 Rfe8 13. d4 Bd5 14. c3
Qe6 15. b3 Qd6 16. Kb2 a5 17. a4 Ne7 18. Bd3 Ng6 19. Rhe1 c6 20. Rxe8+ Rxe8 21.
Re1 Rxe1 22. Nxe1 Be6 23. h3 Nf4 24. Be4 Bxb3 25. Bxc6 Qxc6 26. Kxb3 Nd5 27. Nd3
b5 28. axb5 a4+ 29. Kb2 Qc4 30. b6 Nxb6 31. Nc5 Qf1 32. Qc2 Qb5+ 33. Ka3 Nc4+
34. Ka2 h5 35. Nxa4 Ne3 36. Qb3 Qc6 37. g3 Qg2+ 38. Nb2 Qxh3 39. d5 Qxg3 40. c4
Nf5 41. c5 h4 42. Qb7 Qe5 43. d6 Qe6+ 44. Kb1 Nxd6 45. cxd6 Qxd6 46. Kc2 g5 47.
Qc8+ Kg7 48. Qg4 Qf4 49. Qxf4 gxf4 50. Kd2 f5 51. Ke2 Kg6 52. Kf3 Kg5 53. Nd3 h3
54. Nxf4 h2 55. Nh3+ Kh4 56. Nf2 h1=Q+ 57. Nxh1 f4 58. Kxf4 Kh5 59. Ng3+ 1/2-1/2

[Event "AUTO-ELITE-1237"]
[Site "http://www.queenalice.com/game.php?id=1231551"]
[Date "2013.11.11"]
[Round "1"]
[White "FabioDavid"]
[Black "Odie_Spud"]
[Result "1-0"]
[WhiteElo "2441"]
[BlackElo "2307"]

1. e4 e5 2. Nf3 Nc6 3. Bb5 f5 4. Nc3 Nf6 5. exf5 e4 6. Ng5 d5 7. d3 Bxf5 8. dxe4
dxe4 9. Qe2 Bd6 10. O-O O-O 11. Qc4+ Kh8 12. Bxc6 bxc6 13. Nf7+ Rxf7 14. Qxf7
Qe8 15. Qxe8+ Rxe8 16. Be3 a6 17. Rad1 Rb8 18. b3 Bb4 19. Na4 Nd5 20. Rd4 a5 21.
Rc4 1-0

[Event "AUTO-ELITE-1237"]
[Site "http://www.queenalice.com/game.php?id=1231552"]
[Date "2013.11.11"]
[Round "1"]
[White "Odie_Spud"]
[Black "Puska"]
[Result "0-1"]
[WhiteElo "2299"]
[BlackElo "2373"]

1. e4 c5 2. b4 cxb4 3. Nf3 Nc6 4. Bb2 e6 5. d4 d5 6. e5 Nge7 7. Bd3 Ng6 8. O-O
Nf4 9. Bb5 Bd7 10. Bxc6 Bxc6 11. a3 a5 12. axb4 Bxb4 13. c3 Be7 14. Ba3 O-O 15.
Bxe7 Qxe7 16. Qd2 Ng6 17. Qd3 a4 18. Na3 f6 19. Rfe1 Rac8 20. Nc2 Qc7 21. Nb4
Bd7 22. Rac1 a3 23. Qc2 Ra8 24. Nd3 Bb5 25. Ra1 Rfc8 26. Nc5 fxe5 27. Nxe5 Nxe5
28. Rxe5 b6 29. Nxe6 Qxc3 0-1

[Event "AUTO-ELITE-1237"]
[Site "http://www.queenalice.com/game.php?id=1231553"]
[Date "2013.11.11"]
[Round "1"]
[White "Puska"]
[Black "Odie_Spud"]
[Result "1-0"]
[WhiteElo "2390"]
[BlackElo "2295"]

1. d4 Nf6 2. c4 e5 3. dxe5 Ng4 4. Nf3 Bc5 5. e3 Nc6 6. Be2 Ngxe5 7. Nxe5 Nxe5 8.
O-O d6 9. Nc3 a6 10. b3 O-O 11. Bb2 Ba7 12. Qc2 Re8 13. Rad1 Qg5 14. Kh1 Qd8 15.
Nd5 c6 16. Nf4 Qc7 17. Qd2 Bf5 18. Qxd6 Qxd6 19. Rxd6 f6 20. Ba3 Rad8 21. Rfd1
Bb6 22. Kg1 Rxd6 23. Rxd6 Rd8 24. Bd1 Rxd6 25. Bxd6 Nf7 26. Be7 Ne5 27. Ne2 Kf7
28. Bd6 Nd3 29. Bc2 Bg6 30. Kf1 Ne5 31. Bxg6+ Nxg6 32. c5 Bd8 33. Nd4 Be7 34.
Nf5 Bf8 35. Bxf8 1-0

[Event "Let's Play Chess!"]
[Site "http://www.queenalice.com/game.php?id=1328379"]
[Date "2014.12.16"]
[Round "-"]
[White "dnptrs"]
[Black "Odie_Spud"]
[Result "1/2-1/2"]
[WhiteElo "2082"]
[BlackElo "2292"]

1. d4 Nf6 2. Nf3 a6 3. e3 e6 4. Nbd2 Be7 5. c4 O-O 6. a3 b6 7. b3 Bb7 8. Bd3 d5
9. cxd5 Nxd5 10. O-O c5 11. Bb2 Nd7 12. g3 Rc8 13. e4 N5f6 14. Qe2 a5 15. Nc4
cxd4 16. Nxd4 Nc5 17. e5 Nd5 18. Bc2 Rc7 19. Rfd1 Rd7 20. Ne3 Qc7 21. Nxd5 Rxd5
22. b4 Nd7 23. Nf3 Rxd1+ 24. Rxd1 Bxf3 25. Qd3 g6 26. Qxf3 Qxc2 27. Rxd7 Qxb2
28. Rxe7 axb4 29. axb4 Qxb4 30. Rb7 Qe1+ 1/2-1/2

[Event "Let's Play Chess!"]
[Site "http://www.queenalice.com/game.php?id=1328380"]
[Date "2014.12.16"]
[Round "-"]
[White "Odie_Spud"]
[Black "dnptrs"]
[Result "1-0"]
[WhiteElo "2286"]
[BlackElo "2093"]

1. e4 c5 2. b3 e6 3. Bb2 Nc6 4. Nf3 d6 5. g3 Nf6 6. Qe2 e5 7. Bg2 a5 8. O-O Be7
9. d3 O-O 10. h3 b5 11. c3 c4 12. dxc4 bxc4 13. Qxc4 Qb6 14. Qd3 Ba6 15. c4 Nb4
16. Qe2 Rab8 17. Nc3 Nxa2 18. Nxa2 Qxb3 19. Rfb1 Bxc4 20. Qe1 Qc2 21. Rc1 Qxe4
22. Qxe4 1-0